000 00394nam a2200157Ia 4500
008 221030s9999 xx 000 0 und d
020 _a8187224037
041 _aEnglish
082 _a105.23
_bGur
100 _aGurdeep Raj
245 0 _aAdvanced Inorganic Chemistry Vol I
_cby Gurdeep Raj
260 _bKrishna Prakashan
_aMeerut
_c1998
300 _a1459
650 _aChemistry
942 _cBK
999 _c1761
_d1761